Soils of Tripura : Their kinds, distribution and suitability for major field crops and rubber for optimising land use (Record no. 43841)

MARC details
000 -LEADER
fixed length control field 00406nam a2200109Ia 4500
082 ## - DEWEY DECIMAL CLASSIFICATION NUMBER
Classification number 631.4(541.13)
Item number BHA
245 #0 - TITLE STATEMENT
Title Soils of Tripura : Their kinds, distribution and suitability for major field crops and rubber for optimising land use
260 ## - PUBLICATION, DISTRIBUTION, ETC. (IMPRINT)
Place of publication Nagpur
Name of publisher National Bureau of Soil Survey and Land use planning
700 ## - ADDED ENTRY--PERSONAL NAME
Personal name Bhattacharyya, T
942 ## - ADDED ENTRY ELEMENTS (KOHA)
Koha item type Books
Holdings
Withdrawn status Lost status Damaged status Not for loan Home library Current library Date acquired Source of acquisition Full call number Accession Number Koha item type
        RRII Library RRII Library 16/12/2021 Gift 631.4(541.13) BHA G00592 Books